000 01447nam a2200385 i 4500
001 13675
003 KOSZ 005
005 20230213105603.0
008 070720s1970 pl |100 0 pol
015 _aPB 1970/6650
035 _a(OCoLC)749861938
040 _aWA N
_cWA N
_dKOSZ 005/HR
041 1 _apol
_hrus
046 _k1970
080 _a711.4/.8
080 _a(06)
245 0 0 _aSpołeczne przesłanki kształtowania miasta przyszłości /
_c[tł. z ros. Jerzy Pakulski] ; posł. J. Ziółkowski.
246 1 _iTyt. oryg.:
_aSocial'nye predposylki formirovaniâ goroda buduŝevo.
260 _aWarszawa :
_bPaństwowe Wydawnictwo Naukowe,
_c1970.
300 _a275, [1] s. ;
_c18 cm.
336 _2rdacontent
_aTekst
_btxt
337 _2rdamedia
_aBez urządzenia pośredniczącego
_bn
338 _2rdacarrier
_aWolumin
_bnc
380 _aKsiążki
388 _a1901-2000
388 _a1945-1989
500 _aMateriały z konferencji zorganizowanej przez Naučno-Issledovatelskij Instytut Teorii Istorii i Perspektivnyh Prolem Sovietskoj Arhitektury.
650 4 _aUrbanistyka
655 4 _aMateriały konferencyjne
658 _aArchitektura i budownictwo
700 1 _aPakulski, Jerzy
_eTłumaczenie
700 1 _aZiółkowski, Janusz
_d(1924-2000)
_ePosłowie
856 _uhttp://koha.tu.koszalin.pl/cgi-bin/koha/opac-detail.pl?biblionumber=13675
_yKatalog online BPK
942 _2UKD
_cKS
999 _c13675
_d13675